Physics for scientists and engineers : (Record no. 17054)

MARC details
000 -LEADER
fixed length control field 01304cam a2200337 i 4500
001 - CONTROL NUMBER
control field 16949025
003 - CONTROL NUMBER IDENTIFIER
control field EG-ScBUE
005 - DATE AND TIME OF LATEST TRANSACTION
control field 20250120092234.0
008 - FIXED-LENGTH DATA ELEMENTS--GENERAL INFORMATION
fixed length control field 110906t2013 maua f b 001 0 eng d
020 ## - INTERNATIONAL STANDARD BOOK NUMBER
International Standard Book Number 0321824083
020 ## - INTERNATIONAL STANDARD BOOK NUMBER
International Standard Book Number 9780321824080
040 ## - CATALOGING SOURCE
Original cataloging agency EG-ScBUE
Language of cataloging eng
Description conventions rda
Transcribing agency EG-ScBUE
Modifying agency EG-ScBUE
082 04 - DEWEY DECIMAL CLASSIFICATION NUMBER
Classification number 530
Edition number 22
Item number KNI
100 1# - MAIN ENTRY--PERSONAL NAME
Personal name Knight, Randall Dewey,
Relator term author.
9 (RLIN) 31055
245 10 - TITLE STATEMENT
Title Physics for scientists and engineers :
Remainder of title a strategic approach /
Statement of responsibility, etc Randall D. Knight, California Polytechnic State University, San Luis Obispo.
250 ## - EDITION STATEMENT
Edition statement Third edition.
250 ## - EDITION STATEMENT
Edition statement International edition.
264 #1 - PUBLICATION, DISTRIBUTION, ETC. (IMPRINT)
Place of publication, distribution, etc Boston :
Name of publisher, distributor, etc Pearson,
Date of publication, distribution, etc [2013]
264 #4 - PUBLICATION, DISTRIBUTION, ETC. (IMPRINT)
Date of publication, distribution, etc c2013
300 ## - PHYSICAL DESCRIPTION
Extent 1 volume (various pagings) :
Other physical details illustrations (some color) ;
Dimensions 28 cm
336 ## - CONTENT TYPE
Source rdacontent
Content type term text
Content type code txt
337 ## - MEDIA TYPE
Media type term unmediated
Source rdamedia
Media type code n
338 ## - CARRIER TYPE
Carrier type term volume
Carrier type code nc
Source rdacarrier
500 ## - GENERAL NOTE
General note This record is related with : Student Workbook for Physics for Scientists and Engineers, a Strategic Approach with Modern Physics and the biblio number is "17055"
504 ## - BIBLIOGRAPHY, ETC. NOTE
Bibliography, etc Includes bibliographical references and index.
650 #7 - SUBJECT ADDED ENTRY--TOPICAL TERM
Topical term or geographic name as entry element Physics
Form subdivision Textbooks.
Source of heading or term BUEsh
9 (RLIN) 31056
650 #7 - SUBJECT ADDED ENTRY--TOPICAL TERM
Topical term or geographic name as entry element Physics
Form subdivision Problems, exercises, etc.
Source of heading or term BUEsh
9 (RLIN) 31057
653 ## - INDEX TERM--UNCONTROLLED
Arrived date list October2012
655 ## - INDEX TERM--GENRE/FORM
Form subdivision Reading book
942 ## - ADDED ENTRY ELEMENTS (KOHA)
Source of classification or shelving scheme Dewey Decimal Classification
Koha item type Book - Borrowing
Holdings
Withdrawn status Lost status Source of classification or shelving scheme Damaged status Not for loan Collection code Home library Current library Shelving location Date acquired Source of acquisition Cost, normal purchase price Serial Enumeration / chronology Total Checkouts Total Renewals Full call number Barcode Date last seen Date checked out Cost, replacement price Price effective from Koha item type
    Dewey Decimal Classification     Baccah Central Library Central Library First floor 03/10/2012   281.00 3 3 4 530 KNI 000027568 15/07/2025 26/09/2019 351.25 03/10/2012 Book - Borrowing
    Dewey Decimal Classification     Baccah Central Library Central Library First floor 03/10/2012     3     530 KNI 000027569 15/07/2025     03/10/2012 Book - Borrowing
    Dewey Decimal Classification     Baccah Central Library Central Library First floor 03/10/2012     3     530 KNI 000027570 15/07/2025     03/10/2012 Book - Borrowing
    Dewey Decimal Classification     Baccah Central Library Central Library First floor 03/10/2012     3 2   530 KNI 000027571 15/07/2025 04/05/2017   03/10/2012 Book - Borrowing
    Dewey Decimal Classification     Baccah Central Library Central Library First floor 03/10/2012     3     530 KNI 000027572 15/07/2025     03/10/2012 Book - Borrowing
    Dewey Decimal Classification     Baccah Central Library Central Library First floor 03/10/2012     3 1 1 530 KNI 000027573 15/07/2025 07/03/2017   03/10/2012 Book - Borrowing
    Dewey Decimal Classification     Baccah Central Library Central Library First floor 03/10/2012     3 2 5 530 KNI 000027574 15/07/2025 20/05/2017   03/10/2012 Book - Borrowing
    Dewey Decimal Classification     Baccah Central Library Central Library First floor 03/10/2012     3 1 21 530 KNI 000027575 15/07/2025 02/10/2014   03/10/2012 Book - Borrowing
    Dewey Decimal Classification     Baccah Central Library Central Library First floor 03/10/2012     3 3 10 530 KNI 000027576 15/07/2025 12/02/2023   03/10/2012 Book - Borrowing
    Dewey Decimal Classification     Baccah Central Library Central Library First floor 03/10/2012     3 4 1 530 KNI 000027577 15/07/2025 26/10/2017   03/10/2012 Book - Borrowing